| 000 | 01005aam a2200349 4500 | ||
|---|---|---|---|
| 005 | 20170210160011.0 | ||
| 008 | 150730b xxu||||| |||| 00| 0 spa d | ||
| 041 | _aspa | ||
| 082 | _a155.51 G958p | ||
| 100 |
_aGuillén García, Félix _939694 |
||
| 245 | _aPsicopedagogía de la actividad física y el deporte | ||
| 260 | _aColombia | ||
| 260 | _bKenesis | ||
| 260 | _c2003 | ||
| 300 | _a236 páginas | ||
| 650 |
_aPSICOPEDAGOGÍA _913285 |
||
| 650 |
_aACTIVIDAD FÍSICA _915429 |
||
| 650 |
_aDEPORTE _97682 |
||
| 650 |
_aINFANCIA _939695 |
||
| 650 |
_aPREESCOLAR _929698 |
||
| 650 |
_aDESARROLLO FÍSICO _915515 |
||
| 650 |
_aDESARROLLO PSICOMOTOR _91308 |
||
| 650 |
_aDESARROLLO COGNITIVO _921645 |
||
| 650 |
_aDESARROLLO DE LA PERSONALIDAD _98588 |
||
| 650 |
_aDESARROLLO SOCIAL _97725 |
||
| 650 |
_aDESARROLLO MORAL _96363 |
||
| 650 |
_aADOLESCENCIA _939696 |
||
| 650 |
_aDESARROLLO NEUROLÓGICO _939697 |
||
| 650 |
_aANSIEDAD _97454 |
||
| 650 |
_aAUTOCONCEPTO _97330 |
||
| 942 | _cBK | ||
| 999 |
_c7019 _d7019 |
||